Normal view
MARC view
- Aqeel Abasi Jafri.
Entry Personal Name
001 - CONTROL NUMBER
- control field: 28296
003 - CONTROL NUMBER IDENTIFIER
- control field: NUST
005 - DATE AND TIME OF LATEST TRANSACTION
- control field: 20200204124047.0
008 - FIXED-LENGTH DATA ELEMENTS
- fixed length control field: 200204|| aca||aabn | a|a d
040 ## - CATALOGING SOURCE
- Original cataloging agency: NUST
- Transcribing agency: NUST
100 ## - HEADING--PERSONAL NAME
- Personal name: Aqeel Abasi Jafri.
670 ## - SOURCE DATA FOUND
- Source citation: Work cat.: (NUST): Aqeel Abasi Jafri., Pakistan Kay Siyasi Waderay, [N.D]
